| 000 | 00411nam a22001577a 4500 | ||
|---|---|---|---|
| 003 | Nust | ||
| 005 | 20240819122224.0 | ||
| 008 | 170322b xxu||||| |||| 00| 0 eng d | ||
| 020 | _a978-81-313-1104-2 | ||
| 040 | _cASAB | ||
| 082 | _a631 | ||
| 245 |
_aBiofertilizers and biopesticides _cby Dr. Shalini Suri |
||
| 260 |
_aNew Delhi _bA.P.H. Publishing corporation _c2011. |
||
| 300 | _a277 p | ||
| 942 |
_2ddc _cBK |
||
| 999 |
_c234529 _d234529 |
||